Animal Crossing: New Horizons Fossils - Statistics

General Stats
  • This quiz has been taken 12 times
  • The average score is 37 of 73
Answer Stats
First Letter Answer % Correct
T T. Rex Skull
100%
T T. Rex Tail
100%
T T. Rex Torso
100%
D Diplo Chest
78%
D Diplo Neck
78%
D Diplo Pelvis
78%
D Diplo Skull
78%
D Diplo Tail
78%
D Diplo Tail Tip
78%
P Pachy Skull
78%
P Pachy Tail
78%
T Tricera Skull
78%
T Tricera Tail
78%
T Tricera Torso
78%
B Brachio Chest
67%
B Brachio Pelvis
67%
B Brachio Skull
67%
B Brachio Tail
67%
M Mammoth Skull
67%
M Mammoth Torso
67%
S Spino Skull
67%
S Spino Tail
67%
S Spino Torso
67%
A Ammonite
56%
A Ankylo Skull
56%
A Ankylo Tail
56%
A Ankylo Torso
56%
L Left Ptera Wing
56%
P Plesio Skull
56%
P Plesio Tail
56%
P Plesio Torso
56%
P Ptera Body
56%
R Right Ptera Wing
56%
S Sabertooth Skull
56%
S Sabertooth Tail
56%
S Stego Skull
56%
S Stego Tail
56%
S Stego Torso
56%
A Amber
44%
C Coprolite
44%
D Dimetrodon Skull
44%
D Dimetrodon Torso
44%
D Dinosaur Track
44%
D Dunkleosteus
44%
L Left Megalo Side
44%
L Left Quetzal Wing
44%
Q Quetzal Torso
44%
R Right Megalo Side
44%
R Right Quetzal Wing
44%
S Shark-tooth Pattern
44%
T Trilobite
44%
A Acanthostega
33%
A Anomalocaris
33%
A Archaeopteryx
33%
A Australopith
33%
P Parasaur Skull
33%
P Parasaur Tail
33%
P Parasaur Torso
33%
A Archelon Skull
22%
A Archelon Tail
22%
D Deinony Tail
22%
D Deinony Torso
22%
E Eusthenopteron
22%
I Iguanodon Skull
22%
I Iguanodon Tail
22%
I Iguanodon Torso
22%
J Juramaia
22%
M Megacero Skull
22%
M Megacero Tail
22%
M Megacero Torso
22%
M Myllokunmingia
22%
O Ophthalmo Skull
22%
M Ophthalmo Torso
22%
No matching quizzes found
Score Distribution
Percent of People with Each Score
Percentile by Number Answered
Your Score History
You have not taken this quiz